000
00233 a2200097 4500
001
46074
100
_a
James R
245
_a
Winston's Churchill his complete speeches
260
_a
New York
_b
Chelsea House
_c
090
_c
29177
_d
29177
942
_a
NUST-CAE
_c
M
_c
21310
999
_c
281147
_d
281147